000 00357nam a2200157Ia 4500
003 0STCL
008 150530s9999 xx 000 0 und d
040 _aSTCL
_cSTCL
100 _aGrierson, H.J.C.
245 _aLyrical poetry from blake to hardy
260 _c1928
546 _aEnglish
942 _2ddc
_cBK
999 _c51537
_d51537
005 20220125170843.0